Rural community organization: selected annotated references (Record no. 389695)

000 -LEADER
fixed length control field 00295cam a22000977a 4500
008 - FIXED-LENGTH DATA ELEMENTS--GENERAL INFORMATION
fixed length control field 180718b1956 xxu||||| |||| 00| 0 eng d
082 ## - DEWEY DECIMAL CLASSIFICATION NUMBER
Classification number A2:B135 Un3
245 ## - TITLE STATEMENT
Title Rural community organization: selected annotated references
260 ## - PUBLICATION, DISTRIBUTION, ETC.
Place of publication, distribution, etc. Washington
Name of publisher, distributor, etc. Department of Agriculture
Date of publication, distribution, etc. 1956
300 ## - PHYSICAL DESCRIPTION
Extent 124p.
Holdings
Withdrawn status Lost status Damaged status Not for loan Permanent Location Current Location Date acquired Full call number Barcode Date last seen Price effective from Koha item type
        Indian Institute of Public Administration Indian Institute of Public Administration 1999-06-23 A2:B135 Un3 8016 2018-07-21 2018-07-21 Book

Powered by Koha